000 00327nam a22001097a 4500
082 _a620 ENG'P
100 _aPERRY, R.H
_979007
245 _aENGINEERING MANUAL A PRACTICAL REFERENCE OF DATA AND METHODS IN ARCHITECTURAL CHEMICAL CIVIL, ELECTRICAL
260 _aNEWYORK
_bMCGRAW HILL
_c1987
300 _aXII, 9-59P
942 _cBK
999 _c584077
_d584077